000 00963cam a22002775a 4500
001 15566066
005 20170112150827.0
008 081223s2009 enka frb 001 0 eng d
020 _a9781405187947
040 _aDLC
_cDLC
_dYDXCP
_dBTCTA
_dBWKUK
_dBWK
_dDLC
_dEG-ScBUE
_beng
043 _ad------
082 0 4 _a302.23091724
_222
_bDEV
245 0 0 _aDevelopment communication :
_breframing the role of the media /
_cedited by Thomas L. McPhail.
260 _aChichester :
_bWiley-Blackwell,
_c2009.
300 _axiii, 239 p. :
_bill. ;
_c24 cm.
500 _aIndex : p. [235]-239.
504 _aBibliography : p. [211]-234.
650 7 _aCommunication
_xSocial aspects.
_2BUEsh
_939162
650 0 _aMass media
_zDeveloping countries.
_2BUEsh
650 0 _aTelecommunication
_zDeveloping countries.
_2BUEsh
651 _2BUEsh
653 _bCOMAME
_cMarch2016
_cNovember2016
655 _vText book
_933728
700 1 _aMcPhail, Thomas L.
_eeditor.
942 _2ddc
999 _c21542
_d21514